Score 0/20 Timer 05:00
4 Plays Today
Country % Correct
CountryAlgeria
87.9%
CountryNigeria
85.7%
CountryMorocco
81.8%
CountryTunisia
80.4%
CountryNamibia
79.4%
CountrySomalia
77.6%
CountryEritrea
77.3%
CountryLiberia
76.8%
CountrySenegal
75.9%
CountryLesotho
73.6%
Country % Correct
CountryBurundi
71%
CountryComoros
67.1%
CapitalAlgiers
61.7%
CapitalNairobi
60.1%
CapitalTripoli
52.8%
CapitalKampala
43.1%
CapitalYaoundé
36.5%
CapitalConakry
34%
CapitalMbabane
33.4%
CapitalSão Tomé
32.6%

You're not logged in!

Compare scores with friends on all Sporcle quizzes.
OR
Log In

Sporcle TV

Today on Sporcle TV


Watch our educational content, quiz creation guides, and fun videos on Sporcle TV.

Show Comments

Extras

Top Quizzes Today


Score Distribution

Your Account Isn't Verified!

In order to create a playlist on Sporcle, you need to verify the email address you used during registration. Go to your Sporcle Settings to finish the process.

Report this User

Report this user for behavior that violates our Community Guidelines.

Details: